Diseño de la ciudad / (Record no. 31535)
[ view plain ]
| 000 -LEADER | |
|---|---|
| campo de control de longitud fija | 01348nam a2200289 i 4500 |
| 001 - NÚMERO DE CONTROL | |
| campo de control | 31535 |
| 003 - IDENTIFICADOR DE NÚMERO DE CONTROL | |
| campo de control | ES-MaACL |
| 005 - FECHA Y HORA DE LA ÚLTIMA TRANSACCIÓN | |
| campo de control | 20230906154410.0 |
| 007 - CAMPO FIJO DE DESCRIPCIÓN FÍSICA--INFORMACIÓN GENERAL | |
| campo de control de longitud fija | t| |
| 008 - DATOS DE LONGITUD FIJA--INFORMACIÓN GENERAL | |
| campo de control de longitud fija | 030129s1982 sp ||||1| spa d |
| 100 1# - ENTRADA PRINCIPAL--NOMBRE DE PERSONA | |
| Nombre de persona | Benevolo, Leonardo. |
| 9 (RLIN) | 27554 |
| 245 10 - MENCIÓN DEL TÍTULO | |
| Título | Diseño de la ciudad / |
| Mención de responsabilidad, etc. | Leonardo Benevolo. |
| 250 ## - MENCION DE EDICION | |
| Mención de edición | [3ª ed.]. |
| 260 ## - PUBLICACIÓN, DISTRIBUCIÓN, ETC. | |
| Lugar de publicación, distribución, etc. | Barcelona : |
| Nombre del editor, distribuidor, etc. | Gustavo Gili, |
| Fecha de publicación, distribución, etc. | 1982. |
| 300 ## - DESCRIPCIÓN FÍSICA | |
| Extensión | 5 v. : |
| Otras características físicas | il. ; |
| Dimensiones | 24 cm. |
| 505 8# - NOTA DE CONTENIDO CON FORMATO | |
| Nota de contenido con formato | Contiene: V. I: La descripción del ambiente / versión castellana de Antoni Moragas. -- V. II: El arte y la ciudad antigua / versión de Francesc Serra y Cantarell. -- V. III: El arte y la ciudad medieval / versión castellana de Carlos Gómez González. -- V. IV: El arte y la ciudad moderna del siglo XV al XVIII / versión de María Dolors Tramunt. -- V. V: El arte y la ciudad contemporánea / versión de Antoni Moragas. |
| 700 1# - ENTRADA AGREGADA--NOMBRE PERSONAL | |
| Nombre de persona | Moragas, Antoni. |
| 9 (RLIN) | 82912 |
| 700 1# - ENTRADA AGREGADA--NOMBRE PERSONAL | |
| Nombre de persona | Serra Cantarell, Francisco. |
| 9 (RLIN) | 105625 |
| 700 1# - ENTRADA AGREGADA--NOMBRE PERSONAL | |
| Nombre de persona | Gómez González, Carlos. |
| 9 (RLIN) | 57973 |
| 700 1# - ENTRADA AGREGADA--NOMBRE PERSONAL | |
| Nombre de persona | Tramunt, María Dolors. |
| 9 (RLIN) | 111220 |
| 740 3# - ENTRADA AGREGADA--TÍTULO RELACIONADO/ANALÍTICO NO CONTROLADO | |
| Título relacionado o analítico no controlado | La descripción del ambiente. |
| 740 3# - ENTRADA AGREGADA--TÍTULO RELACIONADO/ANALÍTICO NO CONTROLADO | |
| Título relacionado o analítico no controlado | El arte y la ciudad antigua. |
| 740 3# - ENTRADA AGREGADA--TÍTULO RELACIONADO/ANALÍTICO NO CONTROLADO | |
| Título relacionado o analítico no controlado | El arte y la ciudad medieval. |
| 740 3# - ENTRADA AGREGADA--TÍTULO RELACIONADO/ANALÍTICO NO CONTROLADO | |
| Título relacionado o analítico no controlado | El arte y la ciudad moderna del siglo XV al XVIII. |
| 740 3# - ENTRADA AGREGADA--TÍTULO RELACIONADO/ANALÍTICO NO CONTROLADO | |
| Título relacionado o analítico no controlado | El arte y la ciudad contemporánea. |
| 852 ## - LOCALIZACIÓN | |
| Ubicación | ES-MaACL |
| Número de control de estantería | L-9037-41 |
| Sublocalización o colección | R.111045 |
| Estatus retirado | Estado de pérdida | Estado de daño | No para préstamo | Biblioteca de origen | Biblioteca actual | Ubicación en estantería | Fecha de adquisición | Fuente de adquisición | Total de préstamos | Signatura topográfica completa | Código de barras | Visto por última vez | Precio de reemplazo | Tipo de ítem Koha |
|---|---|---|---|---|---|---|---|---|---|---|---|---|---|---|
| Biblioteca del Ateneo de Madrid | Biblioteca del Ateneo de Madrid | Depósito 2 | 17/01/2008 | L-9037-41 | 1032589 | 23/02/2023 | 23/02/2023 | Libro impreso |
